000
00522nam a2200157Ia 4500
008
090711s9999 xx 000 0 und d
082
_b
38292
100
_a
बेडेकर विश्राम
245
_a
नरो वा कुंजरो वा
260
_c
1961
600
_a
बेडेकर विश्राम
630
_a
नरो वा कुंजरो वा
700
_a
बेडेकर विश्राम
730
_a
नरो वा कुंजरो वा
942
_c
BOOK
999
_c
302915
_d
302915